I gruppi di auto-aiuto /

সংরক্ষণ করুন:
গ্রন্থ-পঞ্জীর বিবরন
প্রধান লেখক: Albanesi, Cinzia (লেখক)
বিন্যাস: গ্রন্থ
ভাষা:ইতালিয়
প্রকাশিত: Roma : Carocci, 2004
মালা:Le bussole ; 132
বিষয়গুলি:
ট্যাগগুলো: ট্যাগ যুক্ত করুন
কোনো ট্যাগ নেই, প্রথমজন হিসাবে ট্যাগ করুন!

MARC

LEADER 00000nam a22000007i 4500
001 IT\ICCU\UBO\2422070
003 ItRI
005 20260115231911.0
008 040512s2004 it |||||| ||||| |||||c
015 |2 IT  |a 2005-82 
015 |2 IT  |a 8843029177 
020 |a 8843029177 
020 |a 9788843029174 (2. rist. (2008)) 
040 |b ita  |c importazione bologna sebina 
041 7 |a ita  |2 ISO-639-2 
082 |a 158.35  |9 PSICOLOGIA APPLICATA. ASSISTENZA DI GRUPPO  |2 21 
100 1 |a Albanesi, Cinzia  |0 IT\ICCU\RAVV\104786  |4 aut 
245 1 2 |a I gruppi di auto-aiuto /  |c Cinzia Albanesi. 
260 |a Roma :  |b Carocci,  |c 2004 
300 |a 112 p. ;  |c 20 cm. 
650 7 |a Assistenza psicologica 
830 3 |a Le bussole ;  |v 132  |0 IT\ICCU\RAV\0751828 
942 |2 ddc  |c BK  |n 0 
952 |0 0  |1 0  |4 0  |6 DOC_158_350000000000000_ALB  |7 0  |9 15865  |a BO  |b BO  |d 2026-01-15  |i 8283  |l 0  |o DOC 158.35 ALB  |p BO8283  |r 2026-01-15 23:19:11  |w 2026-01-15  |x [Sebina 5] [1 v.]  |y BK  |z 1 v. 
999 |c 13640  |d 13640